000 01550nam a2200289Ia 4500
001 H5674
003 IT-RoPAU
008 130308s9999 xx 000 0 und d
040 _aIT-RoPAU
040 _cIT-RoPAU
041 _aITALIANO
100 _aFloch Jean-Marie
100 _gCodice Aut. SPICS: 6587
245 _aQual' è lo statuto dell'enunciazione nella creazione artistica? la risposta mitologica di Jorg Immendorff
245 _bSemiotiche della Pittura. I Classici. Le Ricerche
250 _a1a ed.
260 _aROMA
260 _bMeltemi
260 _c2004 [1° Ed.:2004 - Ed.Ling.Originale:2004]
300 _a"16 p. (prefazione: no ; testo: 16 [pagine: 237-252])"
500 _aUniverso pittorico di Immendorff. Approccio Iconologico. figure Ricorrenti. Semiotica: 1 Scienza Empirica. 1 Percorso Ipotetico Deduttivo. Semiotica visiva Come Disciplina della Forma. Senso e Valore della Creazione Artistica. figure Spaziali. Assemblaggio del Bricoleur. motivo della Candela. strutture Profonde. Elaborazione di 1 Discorso Secondo. pittore e gli scenari Diproduzione. Rapporto tra Creazione Artistica e Storia. Creazione Artisticacome bricolage Mitico. Riutilizzi dei Materiali Previncolati della Storia.Materiali Segni. Momenti neri e Grandi protagonisti della Storia. 1 Risposta mitologica e 1 domanda Ideologica. Nuova Concezione Dello Spazio. ruolo della Luce. concezioni Artistiche e forme Plastiche.
650 _aSEMIOLOGIA
650 _eCodice materia Spics: 3251
942 _cBK
957 _71
999 _c78262
_d78262
999 _g1